01097nam a22002657a 45000010005000000030006000050050017000110080041000280200018000690400029000870820009001161000020001252450074001452600038002193000044002574900020003015050008003215200332003295210029006615210020006906500036007106500026007466500027007727000032007995230FISKH20241203110236.0241120b cb ||||| |||| 00| 0 eng d a9781407111803 aFISKHbengcFISKHdFISKH a509  aGoldsmith, Mike aAlbert Einstein and His Inflatable Universe /cby Dr. Mike Goldsmith  aNew York : bScholastic ;c2001 . a192 pages : billustrations ;c20 cm .  aHorribly Famous aV  aAlbert Einstein is the genius who invented e=mc2. He is possibly the brainiest scientist in history - and the battiest But did you know that Al's life was almost as wild as his hair? Not only was an unruly young Al expelled from school, but he was spied on by the Nazis and the FBI. And after he died, he had his brain removed.8 a850 bLexile estimate 8 aV bRaz-Plus  aread-over-and-overvnon-fiction aEinsteinvnon-fiction abiographyvnon-fiction aReeve, Philipeillustrator